LEADER 03335nam 22006614a 450 001 9910454264103321 005 20200520144314.0 010 $a1-283-00874-2 010 $a9786613008749 010 $a0-231-13388-X 024 7 $a10.7312/vonk13388 035 $a(CKB)1000000000712271 035 $a(EBL)909327 035 $a(OCoLC)818856993 035 $a(SSID)ssj0000283635 035 $a(PQKBManifestationID)11223236 035 $a(PQKBTitleCode)TC0000283635 035 $a(PQKBWorkID)10249292 035 $a(PQKB)10716789 035 $a(MiAaPQ)EBC909327 035 $a(DE-B1597)459418 035 $a(OCoLC)216947041 035 $a(OCoLC)703219830 035 $a(DE-B1597)9780231508544 035 $a(Au-PeEL)EBL909327 035 $a(CaPaEBR)ebr10183342 035 $a(CaONFJC)MIL300874 035 $a(EXLCZ)991000000000712271 100 $a20060530d2007 uy 0 101 0 $aeng 135 $aur|n|---||||| 181 $ctxt 182 $cc 183 $acr 200 10$aResearch techniques for clinical social workers$b[electronic resource] /$fM. Elizabeth Vonk, Tony Tripodi, Irwin Epstein 205 $a2nd ed. 210 $aNew York $cColumbia University Press$dc2007 215 $a1 online resource (265 p.) 300 $aPrev. ed. entered under Tripodi. 311 $a0-231-13389-8 311 $a0-231-50854-9 320 $aIncludes bibliographical references and index. 327 $aResearch interviewing and questionnaires -- Using available instruments -- Systematic observation -- Specification and rating of problems and goals -- The selection of treatment interventions -- Content analysis -- The development and use of forms for client self-monitoring -- Qualitative methods in practice research -- Single-case designs -- Variations and replications of single-case designs -- The use of sample surveys in follow-up evaluations -- Simple group designs for use in evaluation -- Data aggregation and analysis -- Research and clinical social work practice. 330 $aThis volume has long been an invaluable resource for students and practitioners of social work. It thoroughly and clearly presents research concepts and skills, uniquely organizing them according to assessment and treatment formulation, treatment implementation and monitoring, and evaluation. Also, numerous practice cases and detailed exercises offer a complete grasp of crucial concepts and techniques.This new edition reflects contemporary developments in practice research, such as an emphasis on empirical or evidence-based practice; the importance of evaluation within the managed-care environment; the role of social work ethics in practice research; the value of qualitative research methodology for particular aspects of monitoring and evaluation; and the role of computer technology and the use of the Internet. 606 $aSocial service$xResearch 608 $aElectronic books. 615 0$aSocial service$xResearch. 676 $a361.3072 700 $aVonk$b M. Elizabeth$01057435 701 $aTripodi$b Tony$0733627 701 $aEpstein$b Irwin$0935318 801 0$bMiAaPQ 801 1$bMiAaPQ 801 2$bMiAaPQ 906 $aBOOK 912 $a9910454264103321 996 $aResearch techniques for clinical social workers$92492712 997 $aUNINA LEADER 01944oam 2200289z- 450 001 9910158924703321 005 20230913112557.0 010 $a1-925209-81-4 035 $a(CKB)3710000001011563 035 $a(BIP)052135252 035 $a(Exl-AI)993710000001011563 035 $a(EXLCZ)993710000001011563 100 $a20210505c2015uuuu -u- - 101 0 $aeng 200 10$a132 Career Tips for Women 210 $cVivid Publishing 215 $a1 online resource (156 p.) 330 8 $aIf it's been a while since you looked for a new job the chances are the job market has changed while you've been employed.To keep ahead of the rest it's wise to have the best tips for the process at your finger tips and 132 Career Tips for Women e-book gives you these.No matter if you are a first time job hunter, looking to change industry sectors, re-entering the workforce, consolidating your career or enhancing your direction 132 Career Tips for Women has been written with you in mind.The better you understand what motivates a boss when hiring staff, or know the tips that help you engage better with time poor recruiters, the easier your job process will be. This knowledge will build your self-confidence by allowing you to appreciate what you have to offer a prospective employer. Filled with practical tips and strategies let 132 Career Tips for Women help you make your next career move and see the difference.Praise for 132 Career Tips for Women"This was a much easier format to use as a reference when I was applying for jobs as all the tips and strategies were in one place. Thanks Melody for all your help."Maria, Sydney NSW 606 $aCareer development$7Generated by AI 606 $aJob hunting$7Generated by AI 615 0$aCareer development 615 0$aJob hunting 700 $aGreen$b Melody R.$01436567 906 $aBOOK 912 $a9910158924703321 996 $a132 Career Tips for Women$93595544 997 $aUNINA